Normal view
MARC view
- Trollope, Anthony,
Entry Personal Name
001 - CONTROL NUMBER
- control field: 982
003 - CONTROL NUMBER IDENTIFIER
- control field: NUST
005 - DATE AND TIME OF LATEST TRANSACTION
- control field: 20170517133750.0
008 - FIXED-LENGTH DATA ELEMENTS
- fixed length control field: 170517|| aca||aabn | a|a d
040 ## - CATALOGING SOURCE
- Original cataloging agency: NUST
- Transcribing agency: NUST
100 ## - HEADING--PERSONAL NAME
- Personal name: Trollope, Anthony,
670 ## - SOURCE DATA FOUND
- Source citation: Work cat.: (NUST)24108: Trollope, Anthony,, Barchester Towers, c2008
